[Event "CAN-op U1200"]
[Site "Windsor CAN"]
[Date "2016.07.12"]
[Round "3.56"]
[White "Sivapathasundaram, Nithusa"]
[Black "Xing, Kun"]
[Result "0-1"]
[WhiteElo "638"]
[BlackElo "964"]
[PlyCount "68"]
[EventDate "2016.07.10"]
[EventType "swiss"]
[EventRounds "9"]
[EventCountry "CAN"]

1. e4 e5 2. Nf3 Nc6 3. Bb5 a6 4. Bd3 Bc5 5. Nc3 Nf6 6. O-O d6 7. Bc4 O-O 8. d3
Nd4 9. Nxd4 Bxd4 10. Bd2 Be6 11. Qe2 d5 12. exd5 Nxd5 13. Bxd5 Bxd5 14. Nxd5
Qxd5 15. Qe4 Qxe4 16. dxe4 Bxb2 17. Bb4 Bxa1 18. Bxf8 Kxf8 19. Rxa1 Rd8 20. h3
Rd4 21. f3 Rb4 22. Rd1 Rb2 23. Rd7 Rxc2 24. a3 Ke8 25. Rd5 f6 26. Kf1 b6 27.
Ke1 Rxg2 28. Rd2 Rg3 29. h4 Rxf3 30. Rh2 Rxa3 31. h5 Re3+ 32. Re2 Rxe2+ 33.
Kxe2 a5 34. Ke3 a4 0-1

[Event "CAN-op U1200"]
[Site "Windsor CAN"]
[Date "2016.07.12"]
[Round "3.57"]
[White "Ye, Sarah"]
[Black "Tao, Kaitlyn"]
[Result "1-0"]
[WhiteElo "869"]
[BlackElo "625"]
[PlyCount "91"]
[EventDate "2016.07.10"]
[EventType "swiss"]
[EventRounds "9"]
[EventCountry "CAN"]

1. e4 e5 2. Nf3 Nc6 3. Bc4 Bc5 4. d3 h6 5. Be3 Bxe3 6. fxe3 d6 7. h3 Be6 8. Bb3
Bxb3 9. axb3 Nf6 10. O-O O-O 11. Nc3 d5 12. exd5 Nxd5 13. Nxd5 Qxd5 14. c4 Qc5
15. d4 exd4 16. exd4 Qd6 17. d5 Ne5 18. Nh4 Ng6 19. Nf5 Qf6 20. Nxh6+ Kh7 21.
Rxf6 gxf6 22. Qh5 Nf4 23. Nf5+ Nxh5 24. g4 Nf4 25. h4 Kg6 26. Ne7+ Kh7 27. Rf1
Ne2+ 28. Kh2 Rfe8 29. d6 cxd6 30. Nd5 Re4 31. Nxf6+ Kg7 32. Nxe4 Rd8 33. Ng5 f6
34. Ne6+ Kh6 35. Nxd8 b6 36. Rxf6+ Kg7 37. Rf7+ Kh6 38. Re7 Nf4 39. Nf7+ Kg7
40. h5 d5 41. h6+ Kg6 42. Kg3 dxc4 43. Ne5+ Kg5 44. h7 Nd5 45. Rg7+ Kh6 46.
h8=Q# 1-0

[Event "CAN-op U1200"]
[Site "Windsor CAN"]
[Date "2016.07.12"]
[Round "3.59"]
[White "Wei, Harry"]
[Black "Zhang, Wendy"]
[Result "0-1"]
[WhiteElo "613"]
[BlackElo "800"]
[PlyCount "94"]
[EventDate "2016.07.10"]
[EventType "swiss"]
[EventRounds "9"]
[EventCountry "CAN"]

1. e4 e5 2. Nf3 Nc6 3. Bb5 Bd6 4. O-O a6 5. Bc4 Nf6 6. Nc3 O-O 7. d3 h6 8. Be3
Bb4 9. a3 Ba5 10. b4 Bb6 11. Bxb6 cxb6 12. h3 d6 13. b5 axb5 14. Nxb5 Be6 15.
Bxe6 fxe6 16. d4 Nxe4 17. dxe5 d5 18. Nd6 Nxd6 19. exd6 Qxd6 20. c4 Rad8 21.
cxd5 exd5 22. Re1 Qg6 23. Rb1 Na5 24. Nd4 Rd6 25. Nb5 Rdf6 26. Qxd5+ Kh8 27.
Rf1 Rf3 28. Nd6 Rxh3 29. Nxb7 Rf5 30. Qd7 Rfh5 31. f3 Rh1+ 32. Kf2 Qc2+ 33. Kg3
Rg5+ 34. Kf4 Rh4+ 35. g4 Qc4+ 36. Kg3 Rhxg4+ 37. fxg4 Qc3+ 38. Rf3 Qe5+ 39. Rf4
h5 40. Qd8+ Kh7 41. Qd3+ g6 42. Qd7+ Kh6 43. Nxa5 Qe3+ 44. Rf3 Qe5+ 45. Rf4 h4+
46. Kf3 Qc3+ 47. Ke4 Re5# 0-1

[Event "CAN-op U1200"]
[Site "Windsor CAN"]
[Date "2016.07.12"]
[Round "3.60"]
[White "Locham, Divjot"]
[Black "Periappuram, Anya"]
[Result "1-0"]
[WhiteElo "801"]
[BlackElo "344"]
[PlyCount "77"]
[EventDate "2016.07.10"]
[EventType "swiss"]
[EventRounds "9"]
[EventCountry "CAN"]

1. e4 e5 2. Nf3 Nf6 3. Nc3 Nc6 4. Be2 d6 5. O-O Be6 6. d3 Be7 7. Be3 O-O 8. Qd2
Qd7 9. Rad1 Rad8 10. Rfe1 Rfe8 11. h3 Kf8 12. Ng5 Kg8 13. Nxe6 fxe6 14. Bg4
Nxg4 15. hxg4 h6 16. g5 Rf8 17. gxh6 Rf7 18. hxg7 Rxg7 19. Bh6 Rg6 20. Re2 Kf7
21. Be3 Ke8 22. Rde1 Rg8 23. Bh6 Rh8 24. Qe3 Rc8 25. Bg7 Rg8 26. Qh6 Kd8 27.
Qh7 Re8 28. Nd1 d5 29. exd5 exd5 30. Bxe5 Nxe5 31. Rxe5 Bd6 32. Rxe8+ Qxe8 33.
Rxe8+ Kxe8 34. Qg8+ Kd7 35. Qf7+ Kd8 36. Ne3 Rb8 37. Nf5 Be7 38. Qxe7+ Kc8 39.
Qe8# 1-0

[Event "CAN-op U1200"]
[Site "Windsor CAN"]
[Date "2016.07.12"]
[Round "3.61"]
[White "Kapoor, Arjun"]
[Black "Periappuram, Moira"]
[Result "0-1"]
[WhiteElo "689"]
[BlackElo "746"]
[PlyCount "56"]
[EventDate "2016.07.10"]
[EventType "swiss"]
[EventRounds "9"]
[EventCountry "CAN"]

1. d4 d5 2. e3 Nf6 3. Nf3 Bg4 4. Nbd2 e6 5. Bd3 Be7 6. O-O O-O 7. b3 Nc6 8. Bb2
Qd6 9. h3 Bh5 10. g4 Bg6 11. Bxg6 fxg6 12. Ne5 Ne4 13. Nxc6 Qxc6 14. Nxe4 dxe4
15. f3 exf3 16. e4 Qxe4 17. Qd3 f2+ 18. Rxf2 Qd5 19. Rxf8+ Rxf8 20. Qc4 Qd6 21.
Qc5 Qg3+ 22. Kh1 Bxc5 23. dxc5 Qxh3+ 24. Kg1 Qxg4+ 25. Kh1 Rf5 26. Be5 Rf2 27.
Rg1 Qf3+ 28. Rg2 Qxg2# 0-1

[Event "CAN-op U1200"]
[Site "Windsor CAN"]
[Date "2016.07.12"]
[Round "3.62"]
[White "Wang, Jenna"]
[Black "Joseph Benher, Savio"]
[Result "0-1"]
[WhiteElo "741"]
[BlackElo "871"]
[PlyCount "68"]
[EventDate "2016.07.10"]
[EventType "swiss"]
[EventRounds "9"]
[EventCountry "CAN"]

1. d4 d5 2. c4 e6 3. Nc3 Nf6 4. Nf3 Be7 5. e3 O-O 6. c5 b6 7. b4 Bb7 8. Bd3
bxc5 9. bxc5 Nc6 10. Qc2 Qd7 11. Ng5 g6 12. O-O Nb4 13. Qb1 Nxd3 14. Qxd3 Qc6
15. f3 Ba6 16. Qc2 Bxf1 17. Kxf1 Nd7 18. e4 Qa6+ 19. Kg1 Nxc5 20. dxc5 Bxc5+
21. Be3 Bxe3+ 22. Kh1 Bxg5 23. exd5 exd5 24. Nxd5 Qd6 25. Rd1 Qe5 26. Nxc7 Rac8
27. Rc1 Bxc1 28. Qxc1 Rxc7 29. Qd1 Rfc8 30. h3 Rc1 31. Qg1 Rxg1+ 32. Kxg1 Qg3
33. Kf1 Rc2 34. Kg1 Qxg2# 0-1

[Event "CAN-op U1200"]
[Site "Windsor CAN"]
[Date "2016.07.13"]
[Round "4.52"]
[White "John, Namitha"]
[Black "Cui, Kevin"]
[Result "0-1"]
[WhiteElo "1053"]
[BlackElo "1203"]
[PlyCount "112"]
[EventDate "2016.07.10"]
[EventType "swiss"]
[EventRounds "9"]
[EventCountry "CAN"]

1. e4 c5 2. d4 cxd4 3. c3 dxc3 4. Nxc3 d6 5. Bc4 Qc7 6. Bb3 Nf6 7. Bf4 g6 8.
Rc1 Nc6 9. Nd5 Qa5+ 10. Bd2 Qd8 11. e5 Nxd5 12. Bxd5 Nxe5 13. Bf4 Qa5+ 14. Rc3
Bg7 15. Kf1 Bd7 16. Rc1 Bb5+ 17. Ne2 Nd3 18. b4 Qa6 19. Rc7 Nxf4 20. Qc2 Bxe2+
21. Kg1 O-O 22. Bxb7 Qd3 23. Qxd3 Bxd3 24. Bxa8 Rxa8 25. Rxe7 Ne2+ 26. Kf1 Ng3+
27. Ke1 Nxh1 28. Kd2 Bb1 29. Ke3 Bxa2 30. Kf3 Bd5+ 31. Ke2 Bxg2 32. f3 Bd4 33.
Kd3 Bg1 34. Re1 Bxh2 35. Kd4 Bxf3 36. Kc4 Be5 37. Rf1 Bb7 38. Kb3 Bd5+ 39. Ka4
h5 40. b5 Ng3 41. Rd1 Be6 42. Kb4 h4 43. Ka5 h3 44. b6 axb6+ 45. Kxb6 h2 46.
Kb7 Ra3 47. Kc7 h1=Q 48. Rxh1 Nxh1 49. Kc6 f5 50. Kb5 f4 51. Kb4 f3 52. Kb5 f2
53. Kb6 f1=Q 54. Kc7 Qc4+ 55. Kd8 Bf6+ 56. Ke8 Qc8# 0-1

[Event "CAN-op U1200"]
[Site "Windsor CAN"]
[Date "2016.07.13"]
[Round "4.53"]
[White "Gaisinsky, Jacob"]
[Black "Arora, Sat"]
[Result "1-0"]
[WhiteElo "1019"]
[BlackElo "820"]
[PlyCount "104"]
[EventDate "2016.07.10"]
[EventType "swiss"]
[EventRounds "9"]
[EventCountry "CAN"]

1. e4 e5 2. Nf3 d6 3. Bc4 Be6 4. Bxe6 fxe6 5. O-O Nf6 6. Re1 Nc6 7. c3 Qd7 8.
d4 O-O-O 9. d5 exd5 10. exd5 Ne7 11. c4 Ng6 12. b4 h5 13. a4 Ng4 14. Nc3 Qe7
15. a5 Nh4 16. Ne4 Nxf3+ 17. Qxf3 Qd7 18. Bg5 Be7 19. Bxe7 Qxe7 20. Reb1 Rdf8
21. Qg3 Qf7 22. b5 Qf4 23. Qxf4 Rxf4 24. f3 h4 25. b6 cxb6 26. axb6 a6 27.
Nxd6+ Kd7 28. Nxb7 Ne3 29. Nc5+ Kd6 30. b7 Rff8 31. Nxa6 Nxc4 32. b8=Q+ Rxb8
33. Rxb8 Rh7 34. Rc8 Ne3 35. Rc3 Nf5 36. Rd1 Nd4 37. f4 Ne2+ 38. Kf2 Nxc3 39.
fxe5+ Kxe5 40. Re1+ Kxd5 41. Nc7+ Kc6 42. Ne8 Kb6 43. Re7 Nd5 44. Rxg7 Rxg7 45.
Nxg7 Nf4 46. Nf5 Ng6 47. Kf3 Ne5+ 48. Kf4 Nd3+ 49. Kg5 Ne1 50. Nxh4 Nxg2 51.
Nxg2 Kc7 52. h4 Kd6 1-0

[Event "CAN-op U1200"]
[Site "Windsor CAN"]
[Date "2016.07.13"]
[Round "4.54"]
[White "Zhang, Wendy"]
[Black "Koltai, Anna"]
[Result "1-0"]
[WhiteElo "800"]
[BlackElo "1178"]
[PlyCount "37"]
[EventDate "2016.07.10"]
[EventType "swiss"]
[EventRounds "9"]
[EventCountry "CAN"]

1. e4 d5 2. exd5 Qxd5 3. Nc3 Qa5 4. Bc4 e5 5. Nf3 Nf6 6. O-O Bf5 7. Re1 Bd6 8.
d3 h6 9. Bf4 Nbd7 10. Qd2 O-O 11. Bxh6 gxh6 12. Qxh6 Be6 13. Ng5 Bxc4 14. Re4
Bc5 15. Rg4 Be6 16. Rh4 Bxf2+ 17. Kxf2 Qc5+ 18. Kf1 Qe3 19. Qh8# 1-0

[Event "CAN-op U1200"]
[Site "Windsor CAN"]
[Date "2016.07.13"]
[Round "4.55"]
[White "Xing, Kun"]
[Black "Locham, Divjot"]
[Result "1/2-1/2"]
[WhiteElo "964"]
[BlackElo "801"]
[PlyCount "60"]
[EventDate "2016.07.10"]
[EventType "swiss"]
[EventRounds "9"]
[EventCountry "CAN"]

1. e4 e5 2. Nf3 Nc6 3. Bc4 Be7 4. d3 Nf6 5. Nc3 O-O 6. O-O d6 7. Nd5 Be6 8. h3
h6 9. Be3 Qd7 10. c3 Rad8 11. Nxf6+ Bxf6 12. d4 exd4 13. cxd4 Bxc4 14. Re1 d5
15. e5 Be7 16. b3 Bg5 17. Bd2 Bxd2 18. Qxd2 Ba6 19. a4 b5 20. axb5 Bxb5 21. Qe3
Rde8 22. Qc3 Rc8 23. Re3 Rfe8 24. Qc5 Rb8 25. Ne1 f6 26. f4 fxe5 27. fxe5 Rf8
28. Nc2 Ba6 29. Rxa6 Rb6 30. Rxb6 axb6 1/2-1/2

[Event "CAN-op U1200"]
[Site "Windsor CAN"]
[Date "2016.07.13"]
[Round "4.56"]
[White "Periappuram, Moira"]
[Black "Ye, Sarah"]
[Result "0-1"]
[WhiteElo "746"]
[BlackElo "869"]
[PlyCount "38"]
[EventDate "2016.07.10"]
[EventType "swiss"]
[EventRounds "9"]
[EventCountry "CAN"]

1. e4 e5 2. Nf3 Nc6 3. Bc4 Nf6 4. Nc3 Nxe4 5. Nxe4 d5 6. Bxd5 Qxd5 7. d3 Bg4 8.
Be3 Be7 9. Ned2 O-O-O 10. h3 Bh5 11. g4 Bg6 12. Qe2 Bf6 13. Rg1 h5 14. g5 Be7
15. O-O-O Qxa2 16. Nb3 Bb4 17. d4 Rd5 18. Nxe5 Ra5 19. Nxa5 Qa1# 0-1

[Event "CAN-op U1200"]
[Site "Windsor CAN"]
[Date "2016.07.13"]
[Round "4.57"]
[White "Ahmed, Bilal"]
[Black "Periappuram, Jacob"]
[Result "1/2-1/2"]
[WhiteElo "826"]
[BlackElo "635"]
[PlyCount "74"]
[EventDate "2016.07.10"]
[EventType "swiss"]
[EventRounds "9"]
[EventCountry "CAN"]

1. e4 e5 2. Nf3 Nc6 3. Bc4 Bc5 4. d3 h6 5. Nc3 Nf6 6. h3 d6 7. O-O Be6 8. Bxe6
fxe6 9. Be3 Bb6 10. Bxb6 axb6 11. a3 O-O 12. Qd2 d5 13. Rfe1 Re8 14. Rad1 Qd7
15. d4 exd4 16. Nxd4 e5 17. Nxc6 bxc6 18. exd5 cxd5 19. Nxd5 Nxd5 20. Qxd5+
Qxd5 21. Rxd5 c6 22. Rdxe5 Rxe5 23. Rxe5 b5 24. f4 b4 25. axb4 Ra2 26. b5 Rxb2
27. bxc6 Rxc2 28. Re8+ Kf7 29. Rc8 Rc1+ 30. Kf2 Ke6 31. Rc7 g5 32. fxg5 hxg5
33. Rc8 Kd6 34. c7 Rc2+ 35. Ke3 Rxg2 36. Kf3 Rc2 37. Kg3 Rc4 1/2-1/2

[Event "CAN-op U1200"]
[Site "Windsor CAN"]
[Date "2016.07.13"]
[Round "4.58"]
[White "Joseph Benher, Savio"]
[Black "Marcelloni, Jacob"]
[Result "1-0"]
[WhiteElo "871"]
[BlackElo "786"]
[Annotator ",Microsoft"]
[PlyCount "27"]
[EventDate "2016.07.10"]
[EventType "swiss"]
[EventRounds "9"]
[EventCountry "CAN"]

1. e4 c5 2. Nf3 Nc6 3. d4 cxd4 4. Nxd4 Qb6 5. Nb3 d6 6. Be3 Qc7 7. Nc3 Nf6 8.
Qd2 e6 9. O-O-O d5 10. exd5 exd5 11. Nxd5 Nxd5 12. Qxd5 Be6 13. Qd2 Be7 14. f3
{Black played the illegal 0-0-0 and lost in 31 moves.} 1-0

[Event "CAN-op U1200"]
[Site "Windsor CAN"]
[Date "2016.07.13"]
[Round "4.62"]
[White "Periappuram, Anya"]
[Black "Zhang, William"]
[Result "0-1"]
[WhiteElo "344"]
[BlackElo "461"]
[PlyCount "30"]
[EventDate "2016.07.10"]
[EventType "swiss"]
[EventRounds "9"]
[EventCountry "CAN"]

1. e4 e5 2. Nc3 Nf6 3. Nf3 Bc5 4. Bc4 Ng4 5. O-O Bxf2+ 6. Rxf2 Nxf2 7. Qf1 Ng4
8. Kh1 O-O 9. d3 d6 10. Bd2 Be6 11. Bb3 Bxb3 12. axb3 Nc6 13. Qd1 Nd4 14. Ng1
Qh4 15. g3 Qxh2# 0-1

[Event "CAN-op U1200"]
[Site "Windsor CAN"]
[Date "2016.07.13"]
[Round "4.64"]
[White "Alice, Herb"]
[Black "Boulanger, Brayden"]
[Result "1/2-1/2"]
[WhiteElo "1637"]
[BlackElo "568"]
[PlyCount "90"]
[EventDate "2016.07.10"]
[EventType "swiss"]
[EventRounds "9"]
[EventCountry "CAN"]

1. e4 e5 2. Nf3 Nc6 3. Bc4 Bc5 4. O-O Nf6 5. d3 d6 6. c3 O-O 7. Bb3 Bg4 8. Nbd2
Qd7 9. Re1 Ne7 10. Nf1 Ng6 11. Ne3 c6 12. Nxg4 Qxg4 13. h3 Qc8 14. Be3 Bxe3 15.
Rxe3 Qd7 16. Kh2 d5 17. exd5 Nxd5 18. Bxd5 Qxd5 19. Qb3 Qxb3 20. axb3 Rfe8 21.
Rae1 f6 22. Nd2 b5 23. Ne4 Re7 24. g3 Rd8 25. Nc5 Rd5 26. b4 f5 27. f4 Kf7 28.
fxe5 Rexe5 29. Rxe5 Nxe5 30. Re3 g5 31. d4 Nd7 32. Nd3 Nb6 33. Ne5+ Kf6 34.
Nxc6 a6 35. Ne5 f4 36. gxf4 gxf4 37. Rf3 Kf5 38. b3 Nd7 39. Nxd7 Rxd7 40. Kg2
Rc7 41. Kf2 Ke4 42. Ke2 Rc6 43. Kf2 Rc7 44. Ke2 Rg7 45. Kf2 Rc7 1/2-1/2

[Event "CAN-op U1200"]
[Site "Windsor CAN"]
[Date "2016.07.14"]
[Round "5.52"]
[White "Cui, Kevin"]
[Black "Ye, Sarah"]
[Result "1-0"]
[WhiteElo "1203"]
[BlackElo "869"]
[PlyCount "65"]
[EventDate "2016.07.10"]
[EventType "swiss"]
[EventRounds "9"]
[EventCountry "CAN"]

1. e4 e5 2. Nf3 Nc6 3. d4 exd4 4. Bc4 Nf6 5. e5 Ng4 6. Bf4 Bc5 7. h3 d5 8. exd6
Nf6 9. Qe2+ Kf8 10. Bxf7 Kxf7 11. Qc4+ Be6 12. Ng5+ Kg6 13. Nxe6 Re8 14. O-O
Qd7 15. Nxc5 Qc8 16. dxc7 a6 17. c3 b6 18. Nb3 b5 19. Qxc6 Re6 20. Qf3 Kf7 21.
Nxd4 Re7 22. Nd2 h6 23. Rfe1 Rxe1+ 24. Rxe1 g5 25. Be5 Qh8 26. Bxf6 Qxf6 27.
Qxa8 Kg6 28. Re6 Qxe6 29. Nxe6 Kf6 30. c8=Q Kg6 31. Qg8+ Kh5 32. Nf4+ Kh4 33.
g3# 1-0

[Event "CAN-op U1200"]
[Site "Windsor CAN"]
[Date "2016.07.14"]
[Round "5.54"]
[White "Arora, Sat"]
[Black "Zhang, Wendy"]
[Result "1-0"]
[WhiteElo "820"]
[BlackElo "800"]
[PlyCount "55"]
[EventDate "2016.07.10"]
[EventType "swiss"]
[EventRounds "9"]
[EventCountry "CAN"]

1. d4 d5 2. Nf3 Nf6 3. Bf4 Bf5 4. e3 e6 5. c4 b6 6. Ne5 Bd6 7. cxd5 exd5 8.
Bb5+ Nbd7 9. Bg5 O-O 10. Nxd7 Bxd7 11. Bxd7 Qxd7 12. Bxf6 gxf6 13. O-O c5 14.
dxc5 Bxc5 15. e4 Rad8 16. exd5 Qxd5 17. Qg4+ Kh8 18. Nc3 Rg8 19. Qxg8+ Rxg8 20.
Nxd5 Rg6 21. Rae1 Kg7 22. Ne7 Bxe7 23. Rxe7 a6 24. Rd1 Kf8 25. Rdd7 Rg7 26. Ra7
a5 27. Reb7 b5 28. Rb8# 1-0

[Event "CAN-op U1200"]
[Site "Windsor CAN"]
[Date "2016.07.14"]
[Round "5.55"]
[White "Wei, Harry"]
[Black "Xing, Kun"]
[Result "0-1"]
[WhiteElo "613"]
[BlackElo "964"]
[PlyCount "76"]
[EventDate "2016.07.10"]
[EventType "swiss"]
[EventRounds "9"]
[EventCountry "CAN"]

1. e4 e5 2. Nf3 Nc6 3. Nc3 Nf6 4. h3 Bc5 5. Bc4 d6 6. Ng5 O-O 7. O-O h6 8. Nf3
Be6 9. Bxe6 fxe6 10. d3 Nd4 11. Nxd4 Bxd4 12. Ne2 Bb6 13. Ng3 Qe8 14. c3 c5 15.
Be3 Rd8 16. d4 Qe7 17. dxe5 dxe5 18. Qf3 Qe8 19. b4 cxb4 20. Bxb6 axb6 21. cxb4
Nd5 22. exd5 Rxf3 23. gxf3 exd5 24. Rfe1 Rd6 25. f4 e4 26. Red1 Qa4 27. Nxe4
Re6 28. Nc3 Qxb4 29. Nxd5 Qe4 30. Re1 Rg6+ 31. Kf1 Qh1+ 32. Ke2 Re6+ 33. Ne3
Qxh3 34. f5 Qxf5 35. Rad1 g5 36. Rc1 Qg4+ 37. Kf1 Qh3+ 38. Ke2 g4 0-1

[Event "CAN-op U1200"]
[Site "Windsor CAN"]
[Date "2016.07.14"]
[Round "5.56"]
[White "Locham, Divjot"]
[Black "Ahmed, Bilal"]
[Result "0-1"]
[WhiteElo "801"]
[BlackElo "826"]
[PlyCount "78"]
[EventDate "2016.07.10"]
[EventType "swiss"]
[EventRounds "9"]
[EventCountry "CAN"]

1. e4 e5 2. Nf3 Nc6 3. Nc3 Nf6 4. Be2 Bc5 5. Nxe5 Nxe5 6. d4 Bxd4 7. Qxd4 Nc6
8. Qd1 d6 9. O-O O-O 10. Bg5 h6 11. Bxf6 Qxf6 12. Rb1 Qd8 13. Ra1 Be6 14. f4 f5
15. exf5 Bxf5 16. Bc4+ Kh8 17. Ne2 Qf6 18. Rb1 Rae8 19. Re1 Bg4 20. h3 Bf5 21.
g4 Be6 22. Bxe6 Qxe6 23. Ra1 g5 24. f5 Qe5 25. Ng3 Qxg3+ 26. Kf1 Rxe1+ 27. Qxe1
Qxh3+ 28. Kf2 Qh4+ 29. Kf3 Nd4+ 30. Kg2 Qxg4+ 31. Kh1 Qh3+ 32. Kg1 Nf3+ 33. Kf2
Nxe1 34. Rxe1 Rxf5+ 35. Kg1 Qg3+ 36. Kh1 Qxe1+ 37. Kh2 Qh4+ 38. Kg2 Rf2+ 39.
Kg1 Qh2# 0-1

[Event "CAN-op U1200"]
[Site "Windsor CAN"]
[Date "2016.07.14"]
[Round "5.57"]
[White "Periappuram, Jacob"]
[Black "Joseph Benher, Savio"]
[Result "0-1"]
[WhiteElo "635"]
[BlackElo "871"]
[PlyCount "46"]
[EventDate "2016.07.10"]
[EventType "swiss"]
[EventRounds "9"]
[EventCountry "CAN"]

1. e4 e5 2. Nf3 Nc6 3. Bc4 Bc5 4. O-O Nf6 5. Nc3 O-O 6. d3 h6 7. a3 a6 8. Be3
d6 9. Bxc5 dxc5 10. h3 Qe7 11. Qd2 Be6 12. Ba2 Rad8 13. Ne2 Bxa2 14. Rxa2 Nxe4
15. Qe3 Ng5 16. Ng3 Nxf3+ 17. gxf3 Qe6 18. Raa1 Qxh3 19. Qxc5 Rd6 20. Rfe1 Rg6
21. f4 exf4 22. f3 Qxg3+ 23. Kf1 Qg2# 0-1

[Event "CAN-op U1200"]
[Site "Windsor CAN"]
[Date "2016.07.14"]
[Round "5.58"]
[White "Koltai, Anna"]
[Black "Periappuram, Moira"]
[Result "1-0"]
[WhiteElo "1178"]
[BlackElo "746"]
[PlyCount "93"]
[EventDate "2016.07.10"]
[EventType "swiss"]
[EventRounds "9"]
[EventCountry "CAN"]

1. d4 d5 2. Nf3 Nf6 3. Bf4 Bg4 4. h3 Bh5 5. e3 e6 6. Be2 Be7 7. O-O O-O 8. Nbd2
Nc6 9. c3 Ne4 10. Qc2 Nxd2 11. Qxd2 Rc8 12. Bd1 a6 13. Bc2 Bg6 14. Bxg6 fxg6
15. Rfe1 g5 16. Bh2 Bd6 17. Qe2 Qe7 18. e4 dxe4 19. Qxe4 Rce8 20. d5 Nd8 21.
Rad1 Qf6 22. Bxd6 cxd6 23. Rd3 e5 24. Re2 Qf4 25. Nd2 Rf6 26. Rf3 Qh4 27. Qxh4
gxh4 28. Rxf6 gxf6 29. Re4 Re7 30. Rxh4 Rg7 31. Ne4 Rg6 32. Nxd6 b5 33. Nf5 Rg5
34. Ne7+ Kg7 35. d6 Nb7 36. d7 f5 37. f4 exf4 38. Rxf4 Kf6 39. Nc6 Rg8 40. g4
Rg5 41. d8=Q+ Nxd8 42. Nxd8 Ke5 43. Rxf5+ Rxf5 44. gxf5 Kxf5 45. Kg2 h5 46. Nc6
Kg5 47. b3 1-0

[Event "CAN-op U1200"]
[Site "Windsor CAN"]
[Date "2016.07.14"]
[Round "5.59"]
[White "Zhang, William"]
[Black "Sivapathasundaram, Nithusa"]
[Result "1-0"]
[WhiteElo "461"]
[BlackElo "638"]
[PlyCount "75"]
[EventDate "2016.07.10"]
[EventType "swiss"]
[EventRounds "9"]
[EventCountry "CAN"]

1. e4 e5 2. Nf3 Nc6 3. Bc4 Bc5 4. d3 Nf6 5. Ng5 O-O 6. O-O d5 7. Bxd5 Nxd5 8.
exd5 Qxd5 9. Qh5 Rd8 10. Qxh7+ Kf8 11. Qh8+ Ke7 12. Nc3 Rxh8 13. Nxd5+ Ke8 14.
Re1 Be7 15. Nxc7+ Kd8 16. Nxa8 Bxg5 17. Bxg5+ Kd7 18. d4 exd4 19. Bf4 f6 20.
Nc7 g5 21. Bd2 Kxc7 22. c3 Ne5 23. cxd4 Ng4 24. f3 Nh6 25. d5 Nf7 26. Bc3 Rh6
27. Re7+ Kd6 28. Rxf7 Kxd5 29. Rxf6 Rxf6 30. Bxf6 g4 31. fxg4 Bxg4 32. h3 Ke6
33. hxg4 Kxf6 34. Rc1 Kg5 35. Rc7 Kxg4 36. Rxb7 a5 37. b4 axb4 38. Rxb4+ 1-0

[Event "CAN-op U1200"]
[Site "Windsor CAN"]
[Date "2016.07.14"]
[Round "5.61"]
[White "Boulanger, Brayden"]
[Black "Tao, Kaitlyn"]
[Result "1/2-1/2"]
[WhiteElo "568"]
[BlackElo "626"]
[PlyCount "46"]
[EventDate "2016.07.10"]
[EventType "swiss"]
[EventRounds "9"]
[EventCountry "CAN"]

1. e4 e5 2. Nf3 Nc6 3. Bc4 Bc5 4. Nc3 Nf6 5. d3 h6 6. O-O O-O 7. Nd5 d6 8. c3
Na5 9. Bb5 a6 10. Ba4 Nxd5 11. exd5 Qf6 12. d4 Bb6 13. Bc2 Bf5 14. Bxf5 Qxf5
15. Bd2 Rfe8 16. Nh4 Qe4 17. g3 Qd3 18. Re1 Nc4 19. Re2 Nxb2 20. Qe1 f6 21. Rb1
Nc4 22. Rb4 c5 23. Rb1 Rab8 1/2-1/2

[Event "CAN-op U1200"]
[Site "Windsor CAN"]
[Date "2016.07.14"]
[Round "5.63"]
[White "Wang, Jenna"]
[Black "Periappuram, Anya"]
[Result "1-0"]
[WhiteElo "741"]
[BlackElo "344"]
[PlyCount "63"]
[EventDate "2016.07.10"]
[EventType "swiss"]
[EventRounds "9"]
[EventCountry "CAN"]

1. e4 e5 2. Nf3 Nf6 3. Nxe5 Nxe4 4. Bc4 Bc5 5. Nxf7 Qe7 6. Nxh8 d6 7. Bf7+ Kd8
8. O-O Nc6 9. d4 Bb6 10. Be3 Bd7 11. Qc1 Rb8 12. Bg5 Kc8 13. Bxe7 Bf5 14. Nc3
Nxe7 15. Nxe4 Bxe4 16. c3 Bf5 17. Re1 Nc6 18. d5 Nd8 19. h3 Bd7 20. Be6 c6 21.
Bxd7+ Kxd7 22. dxc6+ Kxc6 23. b4 a6 24. Qc2 Ne6 25. Rxe6 Kc7 26. Re7+ Kc8 27.
Qxh7 Bd8 28. Rxg7 b6 29. Re1 a5 30. Re8 b5 31. Rgg8 Rb6 32. Rxd8# 1-0

[Event "CAN-op U1200"]
[Site "Windsor CAN"]
[Date "2016.07.15"]
[Round "6.52"]
[White "Joseph Benher, Savio"]
[Black "Cui, Kevin"]
[Result "1/2-1/2"]
[WhiteElo "871"]
[BlackElo "1203"]
[PlyCount "91"]
[EventDate "2016.07.10"]
[EventType "swiss"]
[EventRounds "9"]
[EventCountry "CAN"]

1. e4 c5 2. Nf3 d6 3. d4 cxd4 4. Nxd4 Nf6 5. Nc3 g6 6. Be3 Bg7 7. Bd3 Ng4 8.
Nb3 Nxe3 9. fxe3 O-O 10. O-O Nc6 11. Bc4 Ne5 12. Bd3 Bh6 13. Qe2 Be6 14. h3 Rc8
15. Nd2 a6 16. Nd5 Re8 17. Nf3 Bg7 18. Nxe5 Bxe5 19. Nf4 Bd7 20. c3 Bc6 21. Qf2
d5 22. exd5 Bxd5 23. Nxd5 Qxd5 24. Bc2 e6 25. Qxf7+ Kh8 26. Bb3 Qe4 27. Qf3
Qxf3 28. Rxf3 Kg7 29. Raf1 Re7 30. g4 Rd8 31. Rd1 Rxd1+ 32. Bxd1 Bc7 33. Bc2
Rd7 34. Be4 b6 35. Kg2 Bd8 36. Bc6 Rd6 37. Ba4 Bh4 38. Kg1 Rd2 39. Bb3 e5 40.
Rf7+ Kh6 41. Rb7 Rxb2 42. Rxb6 Re2 43. Rxa6 Rxe3 44. c4 e4 45. c5 Re1+ 46. Kg2
1/2-1/2

[Event "CAN-op U1200"]
[Site "Windsor CAN"]
[Date "2016.07.15"]
[Round "6.53"]
[White "John, Namitha"]
[Black "Ahmed, Bilal"]
[Result "1-0"]
[WhiteElo "1053"]
[BlackElo "826"]
[PlyCount "73"]
[EventDate "2016.07.10"]
[EventType "swiss"]
[EventRounds "9"]
[EventCountry "CAN"]

1. e4 e5 2. Nf3 Nc6 3. Bc4 h6 4. Nc3 Nf6 5. O-O Bc5 6. d3 d6 7. h3 O-O 8. Be3
Bxe3 9. fxe3 Be6 10. Bb3 Bxb3 11. axb3 a6 12. Qe1 Qd7 13. Nh4 Ne7 14. Nf5 Nxf5
15. Rxf5 Qe6 16. Qg3 c6 17. Raf1 Ne8 18. Nb1 Rd8 19. c4 Rd7 20. Nd2 Re7 21. Nf3
Qg6 22. Qh4 f6 23. Qf2 b5 24. Nh4 Qf7 25. Qg3 bxc4 26. Ng6 Rb7 27. Nxf8 Kxf8
28. Qh2 cxd3 29. g4 g5 30. h4 gxh4 31. Qxh4 Ke7 32. Qxh6 Qg7 33. Qh5 Qf7 34.
Qh4 Qg6 35. g5 fxg5 36. Rxg5 Qe6 37. Rg7# 1-0

[Event "CAN-op U1200"]
[Site "Windsor CAN"]
[Date "2016.07.15"]
[Round "6.54"]
[White "Xing, Kun"]
[Black "Arora, Sat"]
[Result "0-1"]
[WhiteElo "964"]
[BlackElo "820"]
[PlyCount "56"]
[EventDate "2016.07.10"]
[EventType "swiss"]
[EventRounds "9"]
[EventCountry "CAN"]

1. e4 e5 2. Nf3 Nc6 3. Bc4 h6 4. Nc3 Nf6 5. d3 Bc5 6. Be3 d6 7. O-O Bg4 8. h3
Bd7 9. Nd5 Nxd5 10. Bxd5 Qf6 11. c3 Qg6 12. Kh2 Ne7 13. Bxb7 Rb8 14. Ba6 Rxb2
15. Rg1 Bxe3 16. fxe3 f5 17. Nd2 fxe4 18. dxe4 O-O 19. Bf1 Rf2 20. Nf3 Qh5 21.
Kh1 Bg4 22. Qe1 Bxf3 23. Kh2 Bxe4 24. c4 Qg5 25. a3 Rxg2+ 26. Bxg2 Rxg2+ 27.
Kh1 Rxg1+ 28. Kh2 Qg2# 0-1

[Event "CAN-op U1200"]
[Site "Windsor CAN"]
[Date "2016.07.15"]
[Round "6.55"]
[White "Ye, Sarah"]
[Black "Koltai, Anna"]
[Result "1-0"]
[WhiteElo "869"]
[BlackElo "1178"]
[PlyCount "45"]
[EventDate "2016.07.10"]
[EventType "swiss"]
[EventRounds "9"]
[EventCountry "CAN"]

1. e4 d5 2. exd5 Qxd5 3. Nc3 Qa5 4. Bc4 e5 5. Nf3 Nf6 6. h3 Bf5 7. Qe2 Bd6 8.
d4 e4 9. Ng5 O-O 10. O-O Re8 11. Bxf7+ Kf8 12. Bxe8 Kxe8 13. Ngxe4 Nxe4 14.
Nxe4 Kf8 15. Nxd6 cxd6 16. Re1 Nc6 17. Bd2 Qd5 18. c4 Qxd4 19. Bc3 Qb6 20. Qf3
g6 21. Qf4 Rd8 22. Qh6+ Kg8 23. Qg7# 1-0